Curtis Mayfield Discography - Statistics

General Stats
  • This quiz has been taken 7 times
  • The average score is 15 of 36
Answer Stats
Type Year Name % Correct
Album 1970 Curtis
100%
Album 1972 Super Fly
100%
Album 1971 Roots
86%
Album 1974 Sweet Exorcist
71%
Album 1973 Back to the World
57%
Soundtrack 1974 Claudine
57%
Live Album 1971 Curtis/Live!
57%
Album 1977 Short Eyes
57%
Album 1976 Give, Get, Take and Have
43%
Album 1974 Got to Find a Way
43%
Compilation 2006 Greatest Hits
43%
Soundtrack 1975 Let's Do It Again
43%
Album 1982 Love Is the Place
43%
Album 1977 Never Say You Can't Survive
43%
Album 1996 New World Order
43%
Album 1980 Something to Believe In
43%
Compilation 1992 The Anthology: 1961-1977
43%
Album 1975 There's No Place Like America Today
43%
Compilation 1992 A Man Like Curtis - The Best of Curtis Mayfield
29%
Compilation 2000 Beautiful Brother: The Essential Curtis Mayfield
29%
Live Album 1973 Curtis in Chicago
29%
Album 1978 Do It All Night
29%
Compilation 1996 Get Down to the Funky Groove
29%
Compilation 1997 Give It Up - The Very Best of the Curtom Years 1970
29%
Album 1979 Heartbeat
29%
Album 1983 Honesty
29%
Live Album 1988 Live in Europe
29%
Live Album 1988 People Get Ready: Live at Ronnie Scott's
29%
Compilation 1996 People Get Ready: The Curtis Mayfield Story
29%
Compilation 2001 Soul Legacy
29%
Soundtrack 1976 Sparkle
29%
Album 1990 Take it to the Streets
29%
Album 1990 The Return of Superfly
29%
Duet Album 1980 The Right Combination
29%
Compilation 1997 The Very Best of Curtis Mayfield
29%
Album 1985 We Come in Peace with a Message of Love
29%
No matching quizzes found
Score Distribution
Percent of People with Each Score
Percentile by Number Answered
Your Score History
You have not taken this quiz